00461nam a2200145 a 450000100100000000500170001000800410002704000250006808200160009310000210010924500810013026000350021130000350024670000340028100002922320240305132444.0110414s1982 dr ac 000 0 spa d aDO-SdBNPbspacBNPHU axxxxbF866d1 aFreites, Alfredo13aEl divorcio :b(emocional y legal) /cAlfredo Freites, Denis Mota Álvarez. aSanto Domingo :bGente,c1982. a38 p. :bil., retrs. ;c19 cm.12aMota Álvarez, Denis,d1952-